000 00216cam a22000857a 4500
008 180718b xxu||||| |||| 00| 0 eng d
082 _aW1069x54
245 _aRailways : survey of India
260 _aSurvey of India Office
_b
_c
999 _c424872
_d424872